000 00240nam a2200097Ia 4500
001 1227837
005 20250827093030.0
008 250824s9999 xx 000 0 und d
245 0 _aMAVİ EV
_cKAHRAMAN TAZEOĞLU
260 _bDESTEK YAYINLARI
999 _c1227837
_d1227837